| 000 | 00449cam a2200181ua 4500 | ||
|---|---|---|---|
| 020 | _c2.50 | ||
| 041 |
_ahin _h |
||
| 082 |
_a891.54 _bDEV/JA |
||
| 100 | _aDeviprasad, Chadopadyay . | ||
| 245 |
_aJanne ki batem, part-1 / _cDeviprasad chadopadyay. _hTextual Documents |
||
| 250 |
_a1 / _b. |
||
| 260 |
_aDelhi : _bRajkamal Prakashan , _c1959. |
||
| 300 | _a159 ; . | ||
| 365 | _a2.50 | ||
| 504 | _a | ||
| 942 | _cBK | ||
| 999 |
_c8335 _d8335 |
||